Teoretické názory na incidenciu dane z príjmov právnických osôb
Autor sa v príspevku venuje prehľadu základných teoretických a empirických prác týkajúcich sa otázky incidencie dane z príjmov právnických osôb. Príspevok predstavuje kľúčové teoretické modely, ako aj empirické práce z tejto oblasti. V závere hodnotí vhodnosť jednotlivých prístupov a naznačuje smery...
Na minha lista:
| Autor principal: | |
|---|---|
| Formato: | Capítulo de Livro |
| Idioma: | eslovaco |
| Assuntos: | |
| Tags: |
Sem tags, seja o primeiro a adicionar uma tag!
|
MARC
| LEADER | 00000nla$a2200000$$$4500 | ||
|---|---|---|---|
| 001 | 0146608 | ||
| 005 | 20240617094655.9 | ||
| 041 | 0 | |a slo | |
| 044 | |a SK | ||
| 245 | 1 | 0 | |a Teoretické názory na incidenciu dane z príjmov právnických osôb |c Martin Geško |
| 520 | |a Autor sa v príspevku venuje prehľadu základných teoretických a empirických prác týkajúcich sa otázky incidencie dane z príjmov právnických osôb. Príspevok predstavuje kľúčové teoretické modely, ako aj empirické práce z tejto oblasti. V závere hodnotí vhodnosť jednotlivých prístupov a naznačuje smery ďalšieho výskumu. | ||
| 610 | 2 | 0 | |a osoby právnické |
| 610 | 2 | 0 | |a dane z príjmov |
| 610 | 2 | 0 | |a zdaňovanie |
| 100 | 1 | |a Geško, Martin | |